000 00288nam a2200133Ia 4500
008 230312s9999||||xx |||||||||||||| ||und||
082 _a891.4
_bAHM-Z
100 _aAhmad, Ashfaq
245 0 _aZangeer Taaluq
260 _bSangeMeel
300 _a504
650 _aLiterature
942 _cBK
999 _c8737
_d8737